Aplicación de los sistemas de información geográfica en la gestión y control de programas de mantenimiento y rehabilitación en la red vial de Costa Rica
Gardado en:
| Autor Principal: | |
|---|---|
| Formato: | Libro |
| Publicado: |
San José, C.R.
2002
|
| Materias: | |
| Etiquetas: |
Engadir etiqueta
Sen Etiquetas, Sexa o primeiro en etiquetar este rexistro!
|
MARC
| LEADER | 00000nam a2200000Ia 4500 | ||
|---|---|---|---|
| 003 | 008839 | ||
| 005 | 20221231144158.0 | ||
| 008 | 140114s2002 cr a m 000 ||s d | ||
| 040 | |c cru CEDI | ||
| 090 | |a TFG 4399 | ||
| 100 | |a Muñoz Córdoba, Tatiana |9 7598 | ||
| 245 | |a Aplicación de los sistemas de información geográfica en la gestión y control de programas de mantenimiento y rehabilitación en la red vial de Costa Rica | ||
| 260 | |c 2002 |a San José, C.R. | ||
| 300 | |a 108 hojas | ||
| 500 | |a Tesis (licenciatura en Ingeniería Civil)--Universidad de Costa Rica. Facultad de Ingeniería. Escuela de Ingeniería Civil | ||
| 650 | |x SISTEMAS DE INFORMACION GEOGRAFICA |x CARRETERAS |x CUIDADO Y REPARACION |x COSTA RICA |9 7599 | ||
| 942 | |c TFG | ||
| 999 | |c 18040 |d 18040 | ||
